000 00531nam a2200169Ia 4500
003 GCL
008 140319s9999 xx 000 0 ara d
040 _aGCL /
_cGCL
082 0 4 _a791.43
_bس ج
100 1 _aسامى السلامونى
245 1 0 _aجمعية الفيلم 25 سنة سينما /
_cسامى السلامونى
300 _a222 ص
490 _aمطبوعات نادى سينما القاهرة
_v0
650 0 4 _aالافلام السينمائية
650 0 4 _aالسينما - افلام
942 _2ddc
_cBK
999 _c39996
_d39996